00339nam a2200145Ia 45000030006000000080041000060400015000471000017000622450022000792500006001012600049001073000006001565460014001620050017001760STCL150530s9999 xx 000 0 und d aSTCLcSTCL aChacko, V.C. aGerman Kathakal I a1 bNational Bookstall; Kottayamc1976aKottayam a0 aMalayalam20220125171642.0